LEADER 00972nam a2200205 i 4500 001 000000017182 003 CaOOAMICUS 005 20230706140051.0 008 180830s1962 it u000 u ita u 040 $aSeMil$bita 100 1 $aBertolone, Mario,$d<1911-1965>.$0(OLS)http://semarc/name/2167 245 10$aPreistoria e protostoria della Valle Padana :$blezioni tenute nell'Universita cattolica del S. Cuore Facolta di lettere e filosofia - Magistero /$cMario Bertolone. 264 1$aMilano :$b[s.n.],$c1962. 300 $a2 v. ;$c24 cm. 650 4$aPianura Padana - Preistoria e protostoria.$0(OLS)http://semarc/subject/54026 774 0 $tTavole.$w()56547 774 0 $tTesti.$w()211790 996 $6245$aPreistoria e protostoria della Valle Padana :$blezioni tenute nell'Universita cattolica del S. Cuore Facolta di lettere e filosofia - Magistero$9(OLS)http://semarc/title/22724 996 $6264$aMilano :$b[s.n.]$9(OLS)http://semarc/publisher/29709 LEADER 01128nam a2200253 i 4500 001 000000045188 003 CaOOAMICUS 005 20040929000000.0 008 040929s1981 it u000 u ita u 013 $a16358 040 $aSeMil$bita 100 1 $aCastronovo, Valerio,$d<1935- >.$0(OLS)http://semarc/name/1409 245 10$aDall'Adda al Garda /$ctesti di Valerio Castronovo ... [et al.] ; fotografie di Stefano Bisconcini. 300 $a222 p. :$briccamente ill. 500 $aFondo Franco Conti. - In custodia. 650 4$aArcheologia industriale.$0(OLS)http://semarc/subject/8530 650 4$aLombardia - Industria.$0(OLS)http://semarc/subject/9672 650 4$aOlona .$0(OLS)http://semarc/subject/6455 700 1 $aBisconcini, Stefano.$0(OLS)http://semarc/name/22508 773 0 $tArcheologia industriale in Lombardia.$d[Milano] : Mediocredito Regionale Lombardo, copyr. 1981-copyr. 1983.$w()538 850 $aSeMil 852 $aSeMil$W1$xVenegono$y1$m3XD VI 22$j11343$B11343$CSeMilBibl$Z2$F11343 $81 961 $aOmaggio: Conti Franco 996 $6245$aDall'Adda al Garda$9(OLS)http://semarc/title/67126